• 首页
  • 本馆介绍
  • 公告通知
  • 最新文献
  • 馆藏检索
  • 电子资源
  • 读者导购
  • 参考咨询
  • 我的图书馆
  • 登录
  • 详细信息显示
  • 放入我的书架
  • 预约/预借图书
  • 作者相关作品
  • 分类相关作品
  • 丛书相关作品
  • 出版社相关作品

书目信息

  • 表格格式
  • 工作单格式
  • 卡片格式
题名:
中国五大连池火山
    
 
作者: ;地质部地质博物馆 编
分册:  
出版信息: 上海   上海科学技术出版社  1979
页数: 82页
开本: 25cm
丛书名:
单 册:
中图分类: P317
科图分类:
主题词: 火山-五大连池--图集
电子资源:
ISBN:
000 00656nam0 2200229 45
001 0179003569
005 20061122081313.06
010    @b精装@dCNY16.60
091    @aCN@b13119.748
100    @a19950726d1979 em y0chiy0121 ea
101 0  @achi
102    @aCN@b310000
105    @aa z 000yy
200 10 @a中国五大连池火山@Azhong guo wu da lian chi huo shan@f地质部地质博物馆编
210    @a上海@c上海科学技术出版社@d1979
215    @a82页@d25cm
606    @a火山-五大连池@x图集
607    @a五大连池@x火山
690    @aP317@v3
711 02 @a地质部地质博物馆@Adi zhi bu di zhi bo wu guan@4编
801  0 @aCN@bTSSF@c20061122
905    @a10447@dP317@e40
    
    中国五大连池火山/地质部地质博物馆编.-上海:上海科学技术出版社,1979
    82页;25cm
    
    
    ISBN (精装):CNY16.60
    
●
相关链接 在E读中查询图书 在五车中查询图书 在当当中查询图书 在豆瓣中查询图书


正题名:中国五大连池火山     索取号:P317/40         预约/预借

序号 登录号 条形码 馆藏地/架位号 状态 备注
1 0247808   202367839   第二样本阅览室/ [索取号:P317/40] 在馆    
唐山师范学院图书馆 欢迎您!
大连网信软件有限公司© 版权所有